|
|
|
|
| LEADER |
00000cam a2200000 7i4500 |
| 001 |
0000002633 |
| 002 |
000002861 |
| 005 |
20000330.0 |
| 020 |
|
|
|a 086101426X
|
| 090 |
0 |
0 |
|a 358.4183
|b ANG
|
| 100 |
1 |
|
|a Angelucci, Enzo
|
| 245 |
1 |
0 |
|a Combat aircraft of world war II 1933-1937
|c Enzo Angelucci and Paolo Matricardi
|
| 260 |
|
|
|a London :
|b Salamader Books Limited ,
|c 1988
|
| 300 |
|
|
|a 62p. :
|b ill ;
|c 40cm.
|
| 650 |
0 |
0 |
|a Airplanes, Military
|
| 650 |
0 |
0 |
|a World War II,1939-1945
|x Aerial operations
|
| 700 |
1 |
|
|a Matricardi, Paolo
|
| 999 |
|
|
|a 035156
|b BUKU
|c RUJUKAN
|e PERPUSTAKAAN KOMUNITI PETALING JAYA
|
| 999 |
|
|
|a 035157
|b BUKU
|c RUJUKAN
|e PERPUSTAKAAN KOMUNITI PETALING JAYA
|